La ley de Heisenberg / (Record no. 197738)

MARC details
000 -LEADER
campo de control de longitud fija 01802nam a2200349 i 4500
001 - NÚMERO DE CONTROL
campo de control 197738
003 - IDENTIFICADOR DE NÚMERO DE CONTROL
campo de control ES-ScRBPG
005 - FECHA Y HORA DE LA ÚLTIMA TRANSACCIÓN
campo de control 20250901063143.0
007 - CAMPO FIJO DE DESCRIPCIÓN FÍSICA--INFORMACIÓN GENERAL
campo de control de longitud fija ta
008 - DATOS DE LONGITUD FIJA--INFORMACIÓN GENERAL
campo de control de longitud fija 250425s2025 sp |||er|||| 000 0dspa d
017 ## - NÚMERO DE COPYRIGHT O DE DEPÓSITO LEGAL
Número de copyright o de depósito legal M 3256-2025
Agencia que asigna Oficina Depósito Legal Madrid
020 ## - NÚMERO INTERNACIONAL ESTÁNDAR DEL LIBRO
Número Internacional Estándar del Libro 9788412841992
040 ## - FUENTE DE CATALOGACIÓN
Lengua de catalogación glg
Centro catalogador/agencia de origen BPO
Centro/agencia transcriptor ES-MaACL
080 ## - NÚMERO DE LA CLASIFICACIÓN DECIMAL UNIVERSAL
Número de la Clasificación Decimal Universal 821.134.2(899)-4
100 1# - ENTRADA PRINCIPAL--NOMBRE DE PERSONA
9 (RLIN) 166869
Nombre de persona Vitale, Ida,
Fechas asociadas al nombre 1923-
Término indicativo de función/relación Autor
245 13 - MENCIÓN DEL TÍTULO
Título La ley de Heisenberg /
Mención de responsabilidad, etc. Ida Vitale.
250 ## - MENCION DE EDICION
Mención de edición Primera edición
260 ## - PUBLICACIÓN, DISTRIBUCIÓN, ETC.
Lugar de publicación, distribución, etc. Madrid :
Nombre del editor, distribuidor, etc. Ampersand,
Fecha de publicación, distribución, etc. 2025.
300 ## - DESCRIPCIÓN FÍSICA
Extensión 196 páginas ;
Dimensiones 20 cm.
336 ## - TIPO DE CONTENIDO
Término de tipo de contenido texto
Fuente rdacontent
337 ## - TIPO DE MEDIO
Nombre/término del tipo de medio sen mediación
Fuente rdamedia
338 ## - TIPO DE SOPORTE
Nombre/término del tipo de soporte volume
Fuente rdacarrier
490 1# - MENCIÓN DE SERIE
Mención de serie Colección Lector&s
520 3# - RESUMEN, ETC.
Sumario, etc. Detrás de todos os libros que leu na súa vida Ida Vitale hai unha nena encandeada pola abundancia de autores que poboaron unha vez a biblioteca familiar. Pero a lectura non está feita tan só de tramas, senón do misterio dun poema repetido sen entender durante anos, que desatou co tempo a paixón da lingua na poesía. Este libro ensina a ler sen prexuízos, a deixarse levar pola imaxinación palpando os libros ata deixalos impresos para sempre na memoria sensorial. Porque La ley de Heisenberg non é só un repaso de lecturas que a autora vén realizando desde hai décadas, senón a revelación dunha poética que liga o principio de incerteza coa literatura e coa vida.
655 #0 - TERMINO DE INDIZACIÓN--GENERO/FORMA
Datos o término principal de género/forma Ensayos
9 (RLIN) 176636
852 ## - LOCALIZACIÓN
Ubicación ES-MaACL
Ubicación en estantería Depósito J
Número de control de estantería N-10603
Encuadernación Encuadernación rústica con solapas
itemnumber 206726
Donativo/Legado Donación: Editorial
942 ## - ELEMENTOS DE ENTRADA SECUNDARIOS (KOHA)
Suprimir en OPAC No
Tipo de ítem Koha Libro impreso
Holdings
Estatus retirado Estado de pérdida Fuente del sistema de clasificación o colocación Estado de daño No para préstamo Biblioteca de origen Biblioteca actual Ubicación en estantería Fecha de adquisición Fuente de adquisición Total de préstamos Signatura topográfica completa Código de barras Visto por última vez Precio de reemplazo Tipo de ítem Koha
    Clasificación decimal universal     Biblioteca del Ateneo de Madrid Biblioteca del Ateneo de Madrid Depósito J 30/08/2025 Donación   N-10603 2025-1102 30/08/2025 30/08/2025 Libro impreso